Statistics for List of aliens and predator films

Click here to take the quiz!

General Stats

  • This quiz has been taken 377 times
  • The average score is 7 of 9

Answer Stats

HintAnswer% Correct
1979Alien
100%
1987Predator
98%
1986Aliens
96%
2004Aliens versus predator
93%
1990Predator 2
93%
1992Alien 3
88%
2010Predators
76%
2007Aliens versus predator requiem
51%
1997Alien ressurection
49%

Score Distribution

Percentile by Number Answered

Percent of People with Each Score

Your Score History

You have not taken this quiz